Statistics for the quize

Click here to take the quiz!

General Stats

  • This quiz has been taken 29 times
  • The average score is 18 of 26

Answer Stats

HintAnswer% Correct
qq
100%
uu
91%
ww
91%
ee
82%
ii
82%
aa
73%
oo
73%
pp
73%
rr
73%
tt
73%
yy
73%
bb
64%
cc
64%
dd
64%
ff
64%
gg
64%
hh
64%
jj
64%
kk
64%
ll
64%
mm
64%
nn
64%
ss
64%
vv
64%
xx
64%
zz
64%

Score Distribution

Percentile by Number Answered

Percent of People with Each Score

Your Score History

You have not taken this quiz